| 000 | 01130cam a2200385Ii 4500 | ||
|---|---|---|---|
| 001 | 86628 | ||
| 005 | 20230410103723.0 | ||
| 008 | 780211t19751966sp a b 001 1bspa d | ||
| 035 | _a(OCoLC)ocm03626858 | ||
| 040 |
_aCGP _beng _cCGP _dOCL _dOCLCG _dOCLCQ |
||
| 020 | _a8425302013 | ||
| 020 | _a9788425302015 | ||
| 029 | 1 |
_aAU@ _b000041781587 |
|
| 035 | _a(OCoLC)3626858 | ||
| 041 | 1 |
_aspa _hger |
|
| 050 | 1 | 4 |
_a315 F 3442 _bP695H 1975 |
| 049 | _aGRAL | ||
| 100 | 1 | _aHuber, Siegfried. | |
| 245 | 1 | 0 |
_aPizarro / _cSiegfried Huber; versión por Agustín Puig. |
| 250 | _a3a ed. | ||
| 260 |
_aBarcelona : _bedic. Grijalbo, _c1975 |
||
| 300 |
_a371 p. : _bill. ; _c22 cm. |
||
| 440 | 0 | _aBiografías Gandesa | |
| 500 | _aTraducido del idioma original: Pizarro und siene bruder. | ||
| 504 | _aIncludes bibliographical references (p. 365-367). | ||
| 600 | 1 | 0 |
_aPizarro, Francisco, _d1475-1541. |
| 600 | 3 | 0 | _aFamilia Pizarro. |
| 651 | 4 |
_aPerú _xHistoria _yConquista, 1522-1548. |
|
| 650 | 0 | _aIncas. | |
| 650 | 4 | _aCFB | |
| 650 | 4 | _aColección Font Bernard | |
| 942 |
_2lcc _cbk |
||
| 994 |
_aC0 _bDRFGD |
||
| 946 | _aJP | ||
| 999 |
_c24515 _d24515 |
||